Fr. Conceicao Rodrigues College of Engineering

Advances in Production and Application of Lube base Stocks (Record no. 29448)

MARC details
000 -LEADER
fixed length control field 00381nam a2200133Ia 4500
082 ## - DEWEY DECIMAL CLASSIFICATION NUMBER
Classification number 665.53
Item number PAN
100 ## - MAIN ENTRY--PERSONAL NAME
Personal name Singh H/ Rao T.S.R.P.
245 ## - TITLE STATEMENT
Title Advances in Production and Application of Lube base Stocks
260 ## - PUBLICATION, DISTRIBUTION, ETC.
Name of publisher, distributor, etc. Tata Mc Graw hill
Place of publication, distribution, etc. New Delhi
Date of publication, distribution, etc. 1994
546 ## - LANGUAGE NOTE
Language note ENGLISH
654 ## - SUBJECT ADDED ENTRY--FACETED TOPICAL TERMS
Focus term production & application of lube base stocks
942 ## - ADDED ENTRY ELEMENTS (KOHA)
Koha item type BOOK
Holdings
Withdrawn status Lost status Damaged status Not for loan Collection Home library Current library Date acquired Source of acquisition Cost, normal purchase price Total Checkouts Full call number Barcode Date last seen Cost, replacement price Price effective from Koha item type
        CRC Fr. Agnel's C.Rodrigues College of Engineering Fr. Agnel's C.Rodrigues College of Engineering 17/03/2023 global books 496.00   665.53 PAN 7034 17/03/2023 496.00 17/03/2023 BOOK